Handbook of international humanitarian law in South Asia (Record no. 33703)

MARC details
000 -LEADER
fixed length control field 00841nam a22002297a 4500
005 - DATE AND TIME OF LATEST TRANSACTION
control field 2010020406126.0
008 - FIXED-LENGTH DATA ELEMENTS--GENERAL INFORMATION
fixed length control field 100204t xxu||||| |||| 00| 0 eng d
010 ## - LCCN (DPL NO)
LC control number ENG-95847
020 ## - INTERNATIONAL STANDARD BOOK NUMBER
International Standard Book Number 0198063792
Terms of availability 395.00
020 ## - INTERNATIONAL STANDARD BOOK NUMBER
International Standard Book Number 9780198063797
Terms of availability 395.00
035 ## - SYSTEM CONTROL NUMBER
System control number EN-79380
037 ## - SOURCE OF ACQUISITION
Source of stock number/acquisition DBAD/PUB
040 ## - CATALOGING SOURCE
Original cataloging agency DPL
245 ## - TITLE STATEMENT
Title Handbook of international humanitarian law in South Asia
Statement of responsibility, etc Edited by V.S. Mani
260 ## - PUBLICATION, DISTRIBUTION, ETC. (IMPRINT)
Place of publication, distribution, etc New Delhi
Name of publisher, distributor, etc Oxford University Press
Date of publication, distribution, etc 2009
270 ## - ADDRESS
Address YMCA Library Building, Jai Singh Road
City New Delhi
Postal code 110001
300 ## - PHYSICAL DESCRIPTION
Extent 262p ;
Dimensions 23 cm. (Pbk)
500 ## - GENERAL NOTE
General note It includes appendix and bibliographical references
700 ## - ADDED ENTRY--PERSONAL NAME
Personal name Mani, V.S.
942 ## - ADDED ENTRY ELEMENTS (KOHA)
Source of classification or shelving scheme Dewey Decimal Classification
Item type English Books
Call number suffix HAN
Holdings
Withdrawn status Lost status Source of classification or shelving scheme Materials specified (bound volume or other part) Damaged status Not for loan Collection code Home library Current library Date acquired Source of acquisition Cost, normal purchase price Total Checkouts Full call number Barcode Date last seen Copy number Cost, replacement price Koha item type
    Dewey Decimal Classification Hb   Not For Loan Non-fiction D.B.Act.Division D.B.Act.Division 04/02/2010 DBAD/PUB 395.00   HAN EN-79380 04/02/2010 1 395.00 English Books

© Delhi Public Library
Hit Counter
free hit counter